| 000 | 00725nam a22002297a 4500 | ||
|---|---|---|---|
| 005 | 20170124110201.0 | ||
| 010 | _aA-859104 | ||
| 020 |
_c00.00 _a0603550169 |
||
| 035 | _aA-859104 | ||
| 037 | _bCen Lib/Ret | ||
| 040 |
_aDPL _bEN |
||
| 082 |
_a001 _bLEO |
||
| 100 |
_aLeokum, Arkady _991000 |
||
| 245 |
_aHere's more tell me why : _cby Arkady Leokum; illustrated by Frank Aloise _benlightening answers to questions children ask / |
||
| 260 |
_aNew York _bThe Putnam and Grosset _c1997 |
||
| 270 | _bNew York | ||
| 300 |
_a331p.: _c21cm(Hb) _bill. |
||
| 500 | _aIncludes index. | ||
| 650 |
_aChildren's questions and answers _991001 |
||
| 700 |
_aAloise, Frank _936215 |
||
| 942 |
_2ddc _cEN _h001 _mLEO |
||
| 999 |
_c132934 _d132934 |
||